Meaning and form
সংরক্ষণ করুন:
| প্রধান লেখক: | |
|---|---|
| বিন্যাস: | গ্রন্থ |
| ভাষা: | ইংরেজি |
| প্রকাশিত: |
Londres
Longman
1977
|
| মালা: | A Longman Paperback. English Language Series, 11
|
| বিষয়গুলি: | |
| ট্যাগগুলো: |
ট্যাগ যুক্ত করুন
কোনো ট্যাগ নেই, প্রথমজন হিসাবে ট্যাগ করুন!
|
MARC
| LEADER | 00000nam a2200000 a 4500 | ||
|---|---|---|---|
| 001 | UCQ6016 | ||
| 003 | CL-VaPUC | ||
| 008 | 981009e19770000UK |||||||||||||||||eng|d | ||
| 082 | 0 | 4 | |a 425 |b BOL |2 21 |
| 100 | |a Bolinger, Dwight |e author |9 416274 | ||
| 245 | 1 | 0 | |a Meaning and form |
| 300 | |a 212 p | ||
| 942 | |c BK | ||
| 945 | |d 19981009 00:00:00 |a cmena | ||
| 260 | |a Londres |b Longman |c 1977 | ||
| 650 | 0 | |a Gramática |9 270497 | |
| 650 | 7 | |a LENGUAS INGLESAS |2 CL-VaPUC |9 419959 | |
| 650 | 0 | |a Enseñanza del inglés |9 367340 | |
| 650 | 7 | |a TEORIA LINGUISTICA |2 CL-VaPUC |9 334835 | |
| 650 | 0 | |a Lingüística |9 265068 | |
| 583 | |a last modification |c 19981009 00:00:00 |k Rodrigo Vera | ||
| 490 | 0 | |a A Longman Paperback. English Language Series, 11 | |
| 999 | |c 276020 |d 276018 | ||
| 952 | |0 0 |1 0 |4 0 |6 425_000000000000000_BOL_1977 |7 0 |8 A |9 313121 |a FDOPOS |b FDOPOS |d 2019-11-20 |i 1464906 |o 425 BOL 1977 |p 1464906 |r 2025-01-22 |w 2019-11-20 |y BK |k MLA | ||